000
00362nam a22001577a 4500
005
20230623124052.0
008
230623b |||||||| |||| 00| 0 eng d
082
_a
658.4212
_b
HIS-E
100
_a
Hisrich,Robert.D
245
_a
Entrepreneurship
300
_a
602
500
_a
Index given
650
_a
Management
700
_a
Hisrich,Robert.D
999
_c
18815
_d
18815